Recent Advances in Surgery 25 (Record no. 23)
[ view plain ]
| 000 -LEADER | |
|---|---|
| fixed length control field | 00558nam a22001937a 4500 |
| 003 - CONTROL NUMBER IDENTIFIER | |
| control field | OSt |
| 005 - DATE AND TIME OF LATEST TRANSACTION | |
| control field | 20150413174136.0 |
| 008 - FIXED-LENGTH DATA ELEMENTS--GENERAL INFORMATION | |
| fixed length control field | 140626b xxu||||| |||| 00| 0 eng d |
| 020 ## - INTERNATIONAL STANDARD BOOK NUMBER | |
| International Standard Book Number | 185315508x |
| 040 ## - CATALOGING SOURCE | |
| Transcribing agency | 040a |
| 082 ## - DEWEY DECIMAL CLASSIFICATION NUMBER | |
| Classification number | wo-141 R25c 2002 |
| Item number | R 25 c |
| 100 ## - MAIN ENTRY--PERSONAL NAME | |
| Personal name | Colin Johnson |
| 9 (RLIN) | 64 |
| 245 ## - TITLE STATEMENT | |
| Title | Recent Advances in Surgery 25 |
| 260 ## - PUBLICATION, DISTRIBUTION, ETC. (IMPRINT) | |
| Place of publication, distribution, etc. | London, Uk |
| Name of publisher, distributor, etc. | The Royal Society Of Medicine Press Limited |
| Date of publication, distribution, etc. | 2002 |
| 300 ## - PHYSICAL DESCRIPTION | |
| Extent | ill: |
| Other physical details | 1x ; 229 p . |
| Dimensions | 23 cm |
| 504 ## - BIBLIOGRAPHY, ETC. NOTE | |
| Bibliography, etc | Includes bibliographical, Illustration and indexes. |
| 650 ## - SUBJECT ADDED ENTRY--TOPICAL TERM | |
| Topical term or geographic name as entry element | Sugery |
| 9 (RLIN) | 65 |
| 942 ## - ADDED ENTRY ELEMENTS (KOHA) | |
| Source of classification or shelving scheme | Other/Generic Classification Scheme |
| Koha item type | Short Loan |
| Withdrawn status | Lost status | Source of classification or shelving scheme | Damaged status | Not for loan | Home library | Current library | Date acquired | Source of acquisition | Inventory number | Total Checkouts | Full call number | Barcode | Checked out | Date last seen | Date last checked out | Koha item type |
|---|---|---|---|---|---|---|---|---|---|---|---|---|---|---|---|---|
| Other/Generic Classification Scheme | MUST Main Library | MUST Main Library | 26/06/2014 | 04-21981 | 1 | WO141 R25c 2002 | 2014-0021 | 23/05/2019 | 23/05/2019 | 23/05/2019 | Short Loan | |||||
| Other/Generic Classification Scheme | MUST Main Library | MUST Main Library | 13/04/2015 | 04/21982 | WO141 R25c 2002 | 2015-0917 | 13/04/2015 | Short Loan |
